[Event "KONIK MORSKI REWALA 2013-B"]
[Site "Rewal"]
[Date "2013.08.29"]
[Round "9.12"]
[White "Kuciel, Wladyslaw"]
[Black "Zurek, Jacek"]
[Result "1-0"]
[WhiteElo "1978"]
[BlackElo "1898"]
[PlyCount "78"]
[EventDate "2013.??.??"]

1. d4 Nf6 2. c4 c5 3. d5 b5 4. Nf3 g6 5. e4 d6 6. e5 dxe5 7. Nxe5 Bb7 8. Nc3
Qa5 9. cxb5 Nxd5 10. Bc4 e6 11. O-O Nxc3 12. bxc3 Bg7 13. Qe2 O-O 14. Nxf7 Rxf7
15. Qxe6 Qc7 16. Qe8+ Bf8 17. Bh6 Qe7 18. Qxe7 Bxe7 19. Rad1 Bf8 20. Rd8 Nc6
21. Rxa8 Bxa8 22. Bxf7+ Kxf7 23. Bxf8 Kxf8 24. bxc6 Bxc6 25. Rb1 Ke7 26. Rb8
Kd6 27. f3 Kd5 28. Kf2 Kc4 29. Ke3 Bd5 30. Rd8 Be6 31. Kd2 a5 32. Re8 Bf5 33.
g4 Bb1 34. Kc1 Bd3 35. Kb2 a4 36. Re5 Kb5 37. f4 Kc6 38. Re3 Bc4 39. Re4 Bb5
1-0

[Event "KONIK MORSKI REWALA 2013-B"]
[Site "Rewal"]
[Date "2013.08.29"]
[Round "9.13"]
[White "Rudol, Maria"]
[Black "Ancuta, Adam"]
[Result "0-1"]
[WhiteElo "1446"]
[BlackElo "1976"]
[PlyCount "144"]
[EventDate "2013.??.??"]

1. c4 Nf6 2. Nc3 e6 3. d4 d5 4. Bg5 Be7 5. e3 c6 6. Nf3 Nbd7 7. Bd3 g6 8. O-O
dxc4 9. Bxc4 b5 10. Bd3 Bb7 11. Rc1 O-O 12. Qc2 Rc8 13. a3 h6 14. Bh4 c5 15.
Be2 b4 16. Nd1 cxd4 17. Qb1 Be4 18. Qa1 d3 19. Bxd3 Bxd3 20. Re1 Qa5 21. Kh1
bxa3 22. Rxc8 Rxc8 23. bxa3 Be4 24. Rg1 Bxa3 25. Bg3 Bb4 26. Qd4 Bxf3 27. gxf3
Qd5 28. Qxd5 Nxd5 29. Nb2 Bd2 30. Rd1 Rc1 31. Rxc1 Bxc1 32. Nd3 Bd2 33. Kg2 a5
34. Bd6 Bb4 35. Nxb4 axb4 36. e4 b3 37. Ba3 Nf4+ 38. Kf1 Nd3 39. Ke2 b2 40.
Bxb2 Nxb2 41. Ke3 e5 42. f4 f6 43. f5 Nc5 44. f4 Nc4+ 45. Kf3 Kf7 46. fxe5 fxe5
47. h4 h5 48. Ke2 Kf6 49. Kf3 Nb3 50. Ke2 Nb2 51. Ke3 g5 52. hxg5+ Kxg5 53. Kf3
Kf6 54. Ke3 Ke7 55. Kf3 Kd6 56. Ke3 Kc5 57. Kf3 Kd4 58. Kg3 Kxe4 59. Kf2 Kf4
60. Ke2 e4 61. Kf2 e3+ 62. Ke2 Ke4 63. Ke1 Kf3 64. Kf1 Nd4 65. Kg1 Kg3 66. Kf1
Nd3 67. Kg1 e2 68. Kh1 e1=N 69. Kg1 Nec2 70. Kh1 Ne3 71. Kg1 Nf3+ 72. Kh1 Nf2#
0-1

[Event "KONIK MORSKI REWALA 2013-B"]
[Site "Rewal"]
[Date "2013.08.29"]
[Round "9.14"]
[White "Milanowski, Jan"]
[Black "Buraczewski, Rafal"]
[Result "1/2-1/2"]
[WhiteElo "1971"]
[BlackElo "1803"]
[PlyCount "59"]
[EventDate "2013.??.??"]

1. e4 e6 2. d3 d5 3. Nd2 Nf6 4. c3 c5 5. Qc2 Nc6 6. Ngf3 Be7 7. Be2 h6 8. O-O
O-O 9. Re1 b5 10. a3 a5 11. b3 Bb7 12. Bb2 Qc7 13. Bf1 Bd6 14. g3 Nd7 15. Bg2
b4 16. exd5 exd5 17. axb4 axb4 18. c4 Rxa1 19. Bxa1 d4 20. Ne4 f5 21. Nxd6 Qxd6
22. Qe2 Nf6 23. Nd2 Re8 24. Qd1 Re6 25. Bb2 Kh7 26. Bc1 Qe7 27. Rxe6 Qxe6 28.
Nf3 Na5 29. Bf4 Qe7 30. h3 1/2-1/2

[Event "KONIK MORSKI REWALA 2013-B"]
[Site "Rewal"]
[Date "2013.08.29"]
[Round "9.17"]
[White "Sroka, Janusz"]
[Black "Jelen, Janusz"]
[Result "1-0"]
[WhiteElo "2095"]
[BlackElo "1931"]
[PlyCount "77"]
[EventDate "2013.??.??"]

1. e4 e6 2. d4 d5 3. e5 c5 4. c3 Nc6 5. Nf3 a5 6. a3 cxd4 7. cxd4 Nge7 8. Bd3
Ng6 9. Nc3 Be7 10. O-O O-O 11. Be3 Re8 12. Rc1 Nf8 13. Qc2 f5 14. exf6 Bxf6 15.
Rfd1 Bd7 16. Nb5 Qb8 17. Qd2 e5 18. dxe5 Nxe5 19. Nxe5 Bxe5 20. g3 Bg4 21. Be2
Be6 22. f4 Bd6 23. Bf3 Rd8 24. Bb6 Rd7 25. Bxd5 Qe8 26. Bxe6+ Qxe6 27. Nxd6 Ra6
28. f5 Qb3 29. Bc5 Rc6 30. Rc3 Qa2 31. Qg2 g6 32. g4 Rd8 33. Qe4 Rd7 34. Rc4
Rxc5 35. Rxc5 Qxb2 36. Qd5+ Kg7 37. Qd4+ Qxd4+ 38. Rxd4 Re7 39. Rc7 1-0

[Event "KONIK MORSKI REWALA 2013-B"]
[Site "Rewal"]
[Date "2013.08.29"]
[Round "9.18"]
[White "Czarnecki, Wojciech"]
[Black "Woloch, Oskar"]
[Result "1/2-1/2"]
[WhiteElo "2089"]
[BlackElo "1779"]
[PlyCount "35"]
[EventDate "2013.??.??"]

1. Nf3 b6 2. g3 Bb7 3. Bg2 d6 4. O-O e5 5. c4 Nd7 6. d4 f5 7. dxe5 dxe5 8. Ng5
Bxg2 9. Kxg2 Qf6 10. Qd5 c6 11. Qe6+ Qxe6 12. Nxe6 Ke7 13. Nxf8 Nxf8 14. Nc3
Ne6 15. e4 f4 16. Ne2 g5 17. b4 Nf6 18. Re1 1/2-1/2

[Event "KONIK MORSKI REWALA 2013-B"]
[Site "Rewal"]
[Date "2013.08.29"]
[Round "9.19"]
[White "Auvinen, Esa"]
[Black "Fronczak, Sebastian"]
[Result "1-0"]
[WhiteElo "1956"]
[BlackElo "1859"]
[PlyCount "80"]
[EventDate "2013.??.??"]

1. e4 e6 2. d4 d5 3. Nc3 Bb4 4. e5 c5 5. a3 Bxc3+ 6. bxc3 Qa5 7. Qd2 Qa4 8. Rb1
c4 9. Rb4 Qa5 10. Ne2 Nc6 11. Rb1 Nge7 12. g3 Qa4 13. Bh3 b5 14. O-O Bd7 15. f4
O-O-O 16. Kh1 Rdg8 17. Ng1 Nd8 18. Nf3 h6 19. Rb4 Qa5 20. a4 a6 21. axb5 Bxb5
22. Rb1 Nec6 23. Bb2 Kb7 24. Ra1 Qc7 25. Ba3 g5 26. fxg5 hxg5 27. Bg4 Rg7 28.
Nxg5 Ne7 29. Kg2 Rhg8 30. h4 Ng6 31. Rf6 Nc6 32. Rh1 Nb8 33. Rhf1 Be8 34. Rb1+
Bb5 35. Bd6 Qd8 36. Bh5 Nd7 37. Kh2 Rh8 38. Be2 Nxf6 39. exf6 Rgg8 40. Nxf7 Qd7
1-0

[Event "KONIK MORSKI REWALA 2013-B"]
[Site "Rewal"]
[Date "2013.08.29"]
[Round "9.20"]
[White "Gajzner, Ryszard"]
[Black "Patola, Eero"]
[Result "1/2-1/2"]
[WhiteElo "1755"]
[BlackElo "1947"]
[PlyCount "39"]
[EventDate "2013.??.??"]

1. d4 f5 2. Nf3 g6 3. g3 Nf6 4. Bg2 Bg7 5. O-O O-O 6. b3 d6 7. Bb2 c6 8. c4 Na6
9. Nc3 Qe8 10. Rc1 Bd7 11. Ba3 b5 12. cxb5 cxb5 13. Nb1 Rc8 14. Qd2 Rxc1 15.
Rxc1 Qb8 16. Qa5 Qb6 17. Qxb6 axb6 18. Bb2 Rc8 19. a3 Rxc1+ 20. Bxc1 1/2-1/2

[Event "KONIK MORSKI REWALA 2013-B"]
[Site "Rewal"]
[Date "2013.08.29"]
[Round "9.21"]
[White "Murawko, Katarzyna"]
[Black "Antolak, Julia"]
[Result "1/2-1/2"]
[WhiteElo "1904"]
[BlackElo "1760"]
[PlyCount "33"]
[EventDate "2013.??.??"]

1. e4 e5 2. Nf3 Nc6 3. Bb5 a6 4. Ba4 d6 5. c3 f5 6. d3 fxe4 7. dxe4 Nf6 8. Bg5
Be7 9. Nbd2 O-O 10. h3 Be6 11. Qe2 b5 12. Bb3 Bxb3 13. Nxb3 Kh8 14. Rd1 Qe8 15.
Bxf6 Rxf6 16. Nbd2 Nd8 17. g3 1/2-1/2

[Event "KONIK MORSKI REWALA 2013-B"]
[Site "Rewal"]
[Date "2013.08.29"]
[Round "9.22"]
[White "Zhuk, Ivan"]
[Black "Czepczynski, Boguslaw"]
[Result "1-0"]
[WhiteElo "1746"]
[BlackElo "1890"]
[PlyCount "83"]
[EventDate "2013.??.??"]

1. d4 g6 2. c4 Bg7 3. Nc3 d6 4. h3 Nf6 5. Nf3 O-O 6. e4 e5 7. Be2 exd4 8. Nxd4
Nbd7 9. Bg5 Nc5 10. b4 Ne6 11. Nxe6 Bxe6 12. Rc1 h6 13. Bh4 Qd7 14. Qd2 Nh7 15.
Nd5 g5 16. Bg3 f5 17. exf5 Bxf5 18. O-O Nf6 19. Nxf6+ Rxf6 20. Bh5 c6 21. Rfe1
Bg6 22. Bxg6 Rxg6 23. Re2 Rf8 24. Rce1 Rf7 25. Qd3 Rgf6 26. Re8+ Bf8 27. h4 Kg7
28. hxg5 hxg5 29. Qe3 Qg4 30. Re4 Qh5 31. Qd4 Kg6 32. Qd1 Qxd1 33. Rxd1 Rd7 34.
Rg4 Rf5 35. f4 Kf7 36. fxg5 Kg6 37. Re4 d5 38. Re6+ Kxg5 39. Bf2 a6 40. Be3+
Kh5 41. Rd4 Rdf7 42. g4+ 1-0

[Event "KONIK MORSKI REWALA 2013-B"]
[Site "Rewal"]
[Date "2013.08.29"]
[Round "9.24"]
[White "Prominski, Piotr"]
[Black "Biszof, Henryk"]
[Result "0-1"]
[WhiteElo "1796"]
[BlackElo "1730"]
[PlyCount "102"]
[EventDate "2013.??.??"]

1. e4 c5 2. Nf3 Nc6 3. d4 cxd4 4. Nxd4 Nf6 5. Nc3 d6 6. g3 e5 7. Nb3 Be6 8. Bg2
Be7 9. O-O O-O 10. Re1 Nd7 11. Nd5 f5 12. Be3 fxe4 13. Bxe4 Nf6 14. Nxf6+ Bxf6
15. Qh5 g6 16. Bxg6 Qd7 17. Be4 Rf7 18. Qh6 Raf8 19. Rad1 b6 20. Rd2 d5 21.
Red1 d4 22. c3 Bf5 23. Bg2 d3 24. g4 Bg6 25. g5 Bg7 26. Qh4 Ne7 27. Qc4 Rc8 28.
Qh4 Nf5 29. Qg4 Nxe3 30. Qxd7 Rxd7 31. fxe3 Rf8 32. e4 Rf4 33. Re1 Rg4 34. Nc1
h5 35. Rxd3 Rxd3 36. Nxd3 Rxg5 37. Kf2 Bf7 38. Bf3 Bxa2 39. h4 Rg6 40. Nb4 Be6
41. Bxh5 Rh6 42. Bf3 Rxh4 43. Nd5 Rh2+ 44. Bg2 Bf7 45. Kg3 Rh8 46. Rf1 Kf8 47.
Rf2 Ke8 48. Nc7+ Kd7 49. Nd5 Ke6 50. Bh3+ Kd6 51. Rd2 Rd8 0-1

[Event "KONIK MORSKI REWALA 2013-B"]
[Site "Rewal"]
[Date "2013.08.29"]
[Round "9.25"]
[White "Niedbal, Piotr"]
[Black "Burakowska, Gabriela"]
[Result "1/2-1/2"]
[WhiteElo "1773"]
[BlackElo "1691"]
[PlyCount "157"]
[EventDate "2013.??.??"]

1. e4 c5 2. Nf3 e6 3. c3 d5 4. exd5 Qxd5 5. d4 Nc6 6. Be2 cxd4 7. cxd4 Bb4+ 8.
Bd2 Nf6 9. Bxb4 Nxb4 10. Nc3 Qa5 11. O-O O-O 12. a3 Nbd5 13. Qd2 Qd8 14. Rac1
Bd7 15. Rfd1 Rc8 16. Qg5 h6 17. Qg3 Nxc3 18. bxc3 Ne4 19. Qf4 Nxc3 20. Rd2 Nd5
21. Rxc8 Qxc8 22. Qe4 Qc1+ 23. Rd1 Qxa3 24. Bd3 Nf6 25. Qxb7 Rc8 26. Bf1 Rf8
27. Ne5 Bc8 28. Qc7 Nd5 29. Qc5 Qa4 30. Rd3 Bb7 31. Qa3 Qxa3 32. Rxa3 Ra8 33.
Ba6 Bxa6 34. Rxa6 Nb4 35. Ra4 a5 36. h3 f6 37. Nc4 Nc6 38. Kf1 Rd8 39. Nxa5
Nxa5 40. Rxa5 Rxd4 41. Ke2 Kf7 42. g3 g5 43. Ke3 Rb4 44. Ra7+ Kg6 45. Ra6 e5
46. Rc6 h5 47. Ra6 Kf5 48. Rc6 Rb3+ 49. Ke2 g4 50. hxg4+ hxg4 51. Ra6 Rf3 52.
Ra4 e4 53. Ra5+ Kg6 54. Ra8 e3 55. Rg8+ Kf5 56. fxe3 Rxg3 57. Ra8 Kg6 58. Ra6
Rf3 59. Ra5 Rf5 60. Ra4 Kg5 61. Ra1 g3 62. e4 Rf4 63. Ra8 Kg4 64. Rg8+ Kh3 65.
Ke3 Rf2 66. Rh8+ Kg2 67. Rg8 Rf3+ 68. Ke2 Rf4 69. Ke3 Rh4 70. Rg6 Rh1 71. Rxf6
Kg1 72. Rg6 g2 73. e5 Kf1 74. Kf4 g1=Q 75. Rxg1+ Kxg1 76. e6 Kg2 77. Kf5 Re1
78. Kf6 Kg3 79. e7 1/2-1/2

[Event "KONIK MORSKI REWALA 2013-B"]
[Site "Rewal"]
[Date "2013.08.29"]
[Round "9.26"]
[White "Maliszewski, Jacek"]
[Black "Hagner, Pawel"]
[Result "1/2-1/2"]
[WhiteElo "1747"]
[BlackElo "1772"]
[PlyCount "58"]
[EventDate "2013.??.??"]

1. d4 Nf6 2. Nf3 g6 3. c3 Bg7 4. Nbd2 O-O 5. e4 d6 6. Bc4 c5 7. dxc5 dxc5 8. h3
Nc6 9. O-O e5 10. Qe2 a6 11. a4 Qc7 12. Nb3 b6 13. Bg5 Bb7 14. Rfd1 Ne7 15.
Bxf6 Bxf6 16. Rd3 b5 17. axb5 axb5 18. Bxb5 Rxa1+ 19. Nxa1 Qa5 20. Rd1 Bxe4 21.
Nxe5 Bxe5 22. Qxe4 Qxb5 23. Qxe5 Nc6 24. Qe4 Na5 25. b4 cxb4 26. Qxb4 Qe2 27.
Qg4 Qb2 28. Qb4 Qe2 29. Qg4 Qb2 1/2-1/2

[Event "KONIK MORSKI REWALA 2013-B"]
[Site "Rewal"]
[Date "2013.08.29"]
[Round "9.27"]
[White "Vakhitov, Dmitri"]
[Black "Posuniak, Weronika"]
[Result "1/2-1/2"]
[WhiteElo "1664"]
[BlackElo "1584"]
[PlyCount "76"]
[EventDate "2013.??.??"]

1. d4 d5 2. c4 c6 3. cxd5 cxd5 4. Nc3 Nc6 5. Nf3 Nf6 6. Bf4 e6 7. a3 Be7 8. e3
Nh5 9. Bg3 Nxg3 10. hxg3 Bd7 11. Bd3 h6 12. Rc1 Qb6 13. Qe2 Bd6 14. O-O a6 15.
b4 Ne7 16. Qb2 O-O 17. Rc2 Rfc8 18. Rfc1 Rc7 19. Ne2 Rac8 20. Kf1 Rxc2 21. Rxc2
Rxc2 22. Qxc2 Qc6 23. Ke1 Qxc2 24. Bxc2 Bb5 25. Nc3 Bc4 26. Nd2 a5 27. Nxc4
dxc4 28. Ne4 Bc7 29. b5 Nd5 30. Kd2 b6 31. Nc3 Nxc3 32. Kxc3 Bd6 33. a4 Bb4+
34. Kxc4 Be1 35. f3 Bxg3 36. e4 Bd6 37. d5 exd5+ 38. Kxd5 Bc5 1/2-1/2

[Event "KONIK MORSKI REWALA 2013-B"]
[Site "Rewal"]
[Date "2013.08.29"]
[Round "9.28"]
[White "Kasianczuk, Krzysztof"]
[Black "Miczek, Szczepan"]
[Result "0-1"]
[WhiteElo "1560"]
[BlackElo "1797"]
[PlyCount "37"]
[EventDate "2013.??.??"]

1. e4 c6 2. d4 d5 3. exd5 cxd5 4. c4 Nf6 5. Nc3 Nc6 6. cxd5 Nxd5 7. Nf3 Bg4 8.
Be2 e6 9. a3 Be7 10. O-O O-O 11. h3 Bh5 12. Be3 Re8 13. Ne4 Qb6 14. b4 Red8 15.
Nfg5 Bg6 16. Bh5 Nf6 17. Bxg6 hxg6 18. Qf3 Nxd4 19. Qg3 0-1

[Event "KONIK MORSKI REWALA 2013-B"]
[Site "Rewal"]
[Date "2013.08.29"]
[Round "9.29"]
[White "Kopica, Paulina"]
[Black "Zhuk, Dmitriy"]
[Result "1-0"]
[WhiteElo "1750"]
[BlackElo "1593"]
[PlyCount "123"]
[EventDate "2013.??.??"]

1. e4 e6 2. d4 d5 3. e5 c5 4. c3 Qb6 5. Nf3 Nc6 6. a3 a5 7. Bd3 Bd7 8. Bc2 cxd4
9. cxd4 Nge7 10. O-O Nf5 11. Bxf5 exf5 12. Nc3 Be6 13. Qd3 Be7 14. Rd1 O-O 15.
Qe2 a4 16. Be3 Qd8 17. Rac1 Qd7 18. Qc2 Nd8 19. Qd3 Nc6 20. Nd2 Na5 21. Qe2
Rfb8 22. Qb5 Qxb5 23. Nxb5 Rc8 24. Rxc8+ Rxc8 25. Nc3 Nc4 26. Nxa4 b5 27. Nxc4
Rxc4 28. Nc3 Bxa3 29. Bc1 Be7 30. Nxb5 f6 31. h3 fxe5 32. dxe5 g5 33. Nd4 Kf7
34. g3 h6 35. Be3 Bc5 36. f4 gxf4 37. gxf4 Bxd4 38. Bxd4 Rb4 39. Kf2 Rb3 40.
Bc3 Ke7 41. Ra1 d4 42. Bxd4 Rxh3 43. Ra7+ Kd8 44. b4 Kc8 45. b5 Bd5 46. b6 Rf3+
47. Ke2 Rxf4 48. Kd3 Rf3+ 49. Kc2 Rf4 50. Kc3 h5 51. Rh7 h4 52. Rc7+ Kb8 53.
Rd7 Be6 54. Rd6 Bc8 55. Kc4 Re4 56. Kc5 Kb7 57. Kd5 Re1 58. Rh6 Rh1 59. Rh7+
Kb8 60. e6 h3 61. Be5+ Ka8 62. Ra7# 1-0

[Event "KONIK MORSKI REWALA 2013-B"]
[Site "Rewal"]
[Date "2013.08.29"]
[Round "9.32"]
[White "Mielczarek, Joanna"]
[Black "Kozaczynska, Aleksandra"]
[Result "1-0"]
[WhiteElo "1509"]
[BlackElo "1584"]
[PlyCount "135"]
[EventDate "2013.??.??"]

1. e4 c5 2. Nf3 d6 3. d4 cxd4 4. Nxd4 Nf6 5. Nc3 g6 6. Be2 Bg7 7. Be3 a6 8. O-O
Nbd7 9. Nb3 b5 10. a3 Bb7 11. Bd3 Rc8 12. Qe1 Ne5 13. h3 Qc7 14. Rc1 d5 15. Bd4
O-O 16. Nc5 Nxe4 17. Bxe4 dxe4 18. Nxb7 Qxb7 19. Nxe4 Nf3+ 20. gxf3 Bxd4 21. c3
Bg7 22. Qe3 Qd7 23. Kg2 Qc6 24. Rfe1 e6 25. Red1 Rfd8 26. Qa7 Rxd1 27. Rxd1 Be5
28. Rd7 Ra8 29. Qb7 Qxb7 30. Rxb7 h6 31. Rd7 Kf8 32. Kf1 Ke8 33. Rb7 Rc8 34.
Rb6 Ra8 35. Nc5 Bc7 36. Rc6 Bd8 37. Nxa6 Kd7 38. Nb4 Rb8 39. Ra6 Rb7 40. Nd3
Bb6 41. a4 bxa4 42. Rxa4 Kd6 43. Ke2 Kd5 44. c4+ Kd6 45. Ra6 Kc6 46. b4 Kc7 47.
Ne5 f6 48. Nxg6 Bd4 49. Nf8 e5 50. Ne6+ Kd7 51. Nxd4 exd4 52. b5 Ke7 53. Kd3
Rd7 54. c5 Rb7 55. b6 Ke6 56. Ra7 Rb8 57. Kxd4 Rd8+ 58. Kc4 Rd1 59. b7 Rb1 60.
c6 Rc1+ 61. Kb5 Rb1+ 62. Ka6 Kd6 63. Ra8 Ra1+ 64. Kb6 Rb1+ 65. Ka7 Ra1+ 66. Kb8
Rc1 67. Ra6 Ke7 68. Kc7 1-0

[Event "KONIK MORSKI REWALA 2013-B"]
[Site "Rewal"]
[Date "2013.08.29"]
[Round "9.33"]
[White "Rudol, Matylda"]
[Black "Puroila, Sippo"]
[Result "0-1"]
[WhiteElo "1483"]
[BlackElo "1880"]
[PlyCount "58"]
[EventDate "2013.??.??"]

1. e4 c6 2. d4 d5 3. exd5 cxd5 4. Nf3 Nf6 5. h3 Nc6 6. Be3 Bf5 7. a3 e6 8. Nbd2
h6 9. Ne5 Rc8 10. c3 Bd6 11. Ndf3 O-O 12. Be2 Nd7 13. Nxd7 Qxd7 14. O-O Bb8 15.
Nh4 Qd6 16. f4 Be4 17. Nf3 Ne7 18. Qe1 f6 19. Kh1 g5 20. Nh2 Ng6 21. Bg1 Nxf4
22. Bf3 f5 23. Bxe4 dxe4 24. Rd1 Nh5 25. g3 Nxg3+ 26. Kg2 Nxf1 27. Nxf1 Qc6 28.
Kf2 f4 29. Ke2 Qb5+ 0-1

[Event "KONIK MORSKI REWALA 2013-B"]
[Site "Rewal"]
[Date "2013.08.29"]
[Round "9.34"]
[White "Kardasz, Wladyslaw"]
[Black "Kowacz, Agnieszka"]
[Result "1-0"]
[WhiteElo "1846"]
[BlackElo "1366"]
[PlyCount "26"]
[EventDate "2013.??.??"]

1. e4 e6 2. d4 d5 3. Bd3 Nd7 4. e5 c5 5. c3 Qb6 6. Ne2 c4 7. Bc2 Ne7 8. Ng3 Nc6
9. Nd2 Be7 10. Qg4 g5 11. h4 h6 12. hxg5 Qc7 13. Nf3 b6 1-0